top 25 spanish nouns - Statistics

General Stats
  • This quiz has been taken 718 times
  • The average score is 19 of 24
Answer Stats
hint answer % Correct
año year
96%
día day
95%
casa house
95%
hombre man, mankind, husband
95%
persona person
95%
momento moment, time
93%
tiempo time, weather
92%
hora hour, time
91%
trabajo work, job, effort
90%
vida life
85%
parte part, portion
82%
forma form, shape, way
81%
mujer woman, wife
81%
fin end
80%
mano hand
80%
mundo world
78%
país country
76%
gente people
67%
cosa thing
66%
punto point, dot, period
64%
tipo type, kind
64%
lugar place, position
58%
manera manner, way
54%
caso case, occasion
44%
No matching quizzes found
Score Distribution
Percent of People with Each Score
Percentile by Number Answered
Your Score History
You have not taken this quiz